000 02204nam a2200397 i 4500
001 196125
003 ES-MaACL
005 20250904034330.0
008 240209b2007 sp ||||| |||| 00| 0 spa d
017 _aM 41073-2007
_bOficina Depósito Legal Madrid
020 _a9788496832855
040 _bspa
_cES-MaACL
100 1 _aVerdi, Giuseppe,
_d1813-1901
_9240500
_ecmt
245 _aAida /
_cLuciano Pavarotti ; Guiseppe Verdi ; libreto de Antonio Ghislanzoni y Camille du Locle
_h[Película cinematográfica]
260 _aMadrid :
_bPrisa Innova,
_c2007
264 _a©2007
300 _a1 disco (DVD Vídeo) +
_e1 libro (72 páginas)
336 _2rdacontent
_aimagen en movimiento bidimensional
337 _2rdamedia
_avídeo
338 _2rdacarrier
_avídeodisco
490 1 _aLos clásicos de la ópera, 400 años ;
_v39
490 1 _aPavarotti para siempre
520 _aCalificado por colegas, directores y estudiosos de poseedor de "la voz más bella del siglo", Luciano Pavarotti (Módena, 1935-2007) ha acercado la ópera a millones de espectadores a través de sus actuaciones en los primeros escenarios mundiales y de sus numerosísimas grabaciones audiovisuales, convirtiéndose en un fenómeno mediático nunca hasta aquí protagonizado por un astro de la lírica. En el riguroso ensayo del reconocido experto vocal Arturo Reverter, que acompaña las presentes grabaciones, se ofrece una exhaustiva revisión de la vida y el arte del recientemente desaparecido tenor italiano.
700 1 _aPavarotti, Luciano,
_d1935-2007
_eprf
_9240584
700 1 _aMaazel, Lorin
_emsd
_9241316
700 1 _aBailey, Derek
_epdr
_9241317
830 4 _aLos clásicos de la ópera, 400 años
_v39
_9235583
830 0 _9240709
_aPavarotti para siempre
852 _aES-MaACL
_bR.155051
_cDEPOJ
_jN-9834
_hDonación: Miren Fernández
_xEncuadernación cartoné
_9205792
903 _aFernández, Miren
_ednr
942 _cDVD
_n0
999 _c196125
_d196125